| 000 | 00748nam a2200181Ia 4500 | ||
|---|---|---|---|
| 008 | 090201s9999 xx 000 0 und d | ||
| 010 | _aKPL-65216 | ||
| 040 | _bमराठी | ||
| 041 | _aमराठी | ||
| 082 |
_a3644 _b65216 |
||
| 100 | _aमधुसुदन विनायक पटवर्धन | ||
| 245 |
_aभारतीय संगीत शास्त्र पध्दती भाग पहिला _cमधुसुदन विनायक पटवर्धन |
||
| 250 | _a2 | ||
| 260 |
_c1997 _bमधुसुदन पटवर्धन |
||
| 300 |
_a62 _bमध्यम |
||
| 600 | _aभारतीय संगीत शास्त्र पध्दती भाग पहिला | ||
| 942 | _cBOOK | ||
| 999 |
_c204765 _d204765 |
||